Normal view
MARC view
- Crítica textual
Entry Materia
001 - NÚMERO DE CONTROL DEL REGISTRO
- campo de control: 11697
003 - IDENTIFICADOR DE NUMERO DE CONTROL
- campo de control: UPN
005 - FECHA Y HORA DE LA ÚLTIMA TRANSACCIÓN
- campo de control: 20221205124359.0
008 - DATOS DE LONGITUD FIJA
- campo de control de longitud fija: 221205n||acnnnbabn | ana |d
035 ## - NÚMERO DE CONTROL DEL SISTEMA
- Número de control del sistema: UPN10000011704
040 ## - FUENTE DE LA CATALOGACIÓN
- Centro catalogador de origen: UPN
- Lengua de catalogación: spa
- Agencia de transcripción: UPN
046 ## - FECHAS CON CODIFICACIÓN ESPECIAL
- Fecha final para contenidos agregados: 2022
053 #4 - NÚMERO CLASIFICADOR - BIBLIOTECA DEL CONGRESO (LC)
- Elemento numérico de la clasificación - Número único o no. inicial del rango: P47
150 ## - ENCABEZAMIENTO - TEMÁTICO
- Término de materia o nombre geográfico como elemento inicial: Crítica textual
360 ## - REFERENCIA COMPLEJA DE VÉASE ADEMÁS - MATERIA
- Texto explicativo: Véase también bajo nombres individuales de autores y literaturas. Ej.:
- Encabezamiento al que se remite: SHAKESPEARE, WILLIAM, 1564-1616 - CRITICA TEXTUAL
670 ## - FUENTE EN LA QUE SE LOCALIZARON DATOS
- Cita de la fuente: E
902 ## - CATALOGADOR
- Catalogador: LG/200397
